TV Shows Abroad (2000s) Quiz Stats

Quiz Updated Dec 13, 2015

Challenge
Share
Tweet
Embed
Score 0/16 Timer 03:00
8 Plays Today
% Correct
Battlestar Galactica
93.9%
Prison Break
92.6%
Scrubs
91.1%
The West Wing
88%
Malcolm in the Middle
79.7%
Six Feet Under
77.3%
Curb Your Enthusiasm
74.6%
The Wire
72.7%
% Correct
Weeds
71.4%
The King of Queens
69.2%
Entourage
58.4%
My Name is Earl
57%
Arrested Development
53.6%
The Shield
52%
Family Guy
44.6%
Deadwood
44.5%

You're not logged in!

Compare scores with friends on all Sporcle quizzes.
Sign Up with Email
OR
Log In

You Might Also Like...

Show Comments

Extras

Top Quizzes Today


Score Distribution

Your Account Isn't Verified!

In order to create a playlist on Sporcle, you need to verify the email address you used during registration. Go to your Sporcle Settings to finish the process.